| 000 | 00486nam a22001697a 4500 | ||
|---|---|---|---|
| 003 | OSt | ||
| 005 | 20260223101725.0 | ||
| 008 | 250107b |||||||| |||| 00| 0 eng d | ||
| 020 | _a9780367574918 | ||
| 040 |
_aSRHU _bEnglish _cSRHU |
||
| 082 |
_223rd _a616.24 |
||
| 245 |
_a Pulmonary Circulation : Diseases & Their Treatment _c Andrew J Peacock & Naeijie, Robert |
||
| 250 | _a4th | ||
| 260 |
_aNew York _bCRC Press _c2016 |
||
| 300 |
_a784p _c29cm |
||
| 942 |
_2ddc _cCARD _e4th |
||
| 999 |
_c19296 _d19296 |
||